LEGO Series 22 Minifigures by Picture - Statistics

General Stats
  • This quiz has been taken 9 times
  • The average score is 9 of 12
Answer Stats
Picture Answer % Correct
Groom
100%
Space Creature
100%
Chili Costume Fan
86%
Forest Elf
86%
Racoon Costume Fan
86%
Robot Repair Tech
86%
Figure Skating Champion
71%
Night Protector
71%
Wheelchair Racer
71%
Bird-Watcher
57%
Snow Guardian
43%
Troubadour
43%
No matching quizzes found
Score Distribution
Percent of People with Each Score
Percentile by Number Answered
Your Score History
You have not taken this quiz